Normal view
MARC view
- Rawlinson, Henry Creswicke
Entry Personal Name
001 - CONTROL NUMBER
- control field: 49997
003 - CONTROL NUMBER IDENTIFIER
- control field: NUST
005 - DATE AND TIME OF LATEST TRANSACTION
- control field: 20210314134510.0
008 - FIXED-LENGTH DATA ELEMENTS
- fixed length control field: 210314|| aca||aabn | a|a d
040 ## - CATALOGING SOURCE
- Original cataloging agency: NUST
- Transcribing agency: NUST
100 ## - HEADING--PERSONAL NAME
- Personal name: Rawlinson, Henry Creswicke
670 ## - SOURCE DATA FOUND
- Source citation: Work cat.: (NUST): Rawlinson, Henry Creswicke,, England and Russia in the East, 1875.
